Sustainable materials, processes and production / (Record no. 607786)
[ view plain ]
| 000 -LEADER | |
|---|---|
| fixed length control field | 02150cam a22003617i 4500 |
| 001 - CONTROL NUMBER | |
| control field | 17342381 |
| 003 - CONTROL NUMBER IDENTIFIER | |
| control field | OSt |
| 005 - DATE AND TIME OF LATEST TRANSACTION | |
| control field | 20240215142507.0 |
| 008 - FIXED-LENGTH DATA ELEMENTS--GENERAL INFORMATION | |
| fixed length control field | 120611s2013 enka b 001 0 eng d |
| 010 ## - LIBRARY OF CONGRESS CONTROL NUMBER | |
| LC control number | 2012941710 |
| 020 ## - INTERNATIONAL STANDARD BOOK NUMBER | |
| International Standard Book Number | 9780500290712 |
| 020 ## - INTERNATIONAL STANDARD BOOK NUMBER | |
| International Standard Book Number | 0500290717 |
| 035 ## - SYSTEM CONTROL NUMBER | |
| System control number | (OCoLC)ocn828178270 |
| 040 ## - CATALOGING SOURCE | |
| Original cataloging agency | SISPL |
| Language of cataloging | eng |
| Transcribing agency | SISPL |
| Description conventions | rda |
| Modifying agency | OCLCO |
| -- | BTCTA |
| -- | BDX |
| -- | YDXCP |
| -- | YNK |
| -- | CDX |
| -- | TXI |
| -- | VP@ |
| -- | ERASA |
| -- | DLC |
| 042 ## - AUTHENTICATION CODE | |
| Authentication code | lccopycat |
| 050 00 - LIBRARY OF CONGRESS CALL NUMBER | |
| Classification number | NA2542.36 |
| Item number | .T49 2013 |
| 082 ## - DEWEY DECIMAL CLASSIFICATION NUMBER | |
| Classification number | 620.110286 |
| Author Mark | THO |
| 100 1# - MAIN ENTRY--PERSONAL NAME | |
| Personal name | Thompson, Rob |
| Titles and words associated with a name | (Designer) |
| 9 (RLIN) | 119037 |
| 245 10 - TITLE STATEMENT | |
| Title | Sustainable materials, processes and production / |
| Statement of responsibility, etc. | Rob Thompson ; photography by Martin Thompson. |
| 260 ## - PUBLICATION, DISTRIBUTION, ETC. | |
| Place of publication, distribution, etc. | London; |
| Name of publisher, distributor, etc. | Thames & Hudson, |
| Date of publication, distribution, etc. | 2013. |
| 300 ## - PHYSICAL DESCRIPTION | |
| Extent | 224 pages : |
| Other physical details | colored ilustrations. ; |
| Dimensions | 24 cm. |
| 490 1# - SERIES STATEMENT | |
| Series statement | The manufacturing guides |
| 504 ## - BIBLIOGRAPHY, ETC. NOTE | |
| Bibliography, etc. note | Includes bibliographical references (pages 222-223) and index. |
| 505 0# - FORMATTED CONTENTS NOTE | |
| Formatted contents note | pt. 1. Materials -- Plastics -- Bio-based plastics -- Cellulose acetate -- Natural rubber -- Steel -- Aluminum alloys -- Copper alloys -- Glass -- Wood -- Engineered timber -- Pulp, paper and board -- Leather -- Wool -- Plant fibres -- Biocomposite prepreg -- pt. 2. Processes -- Injection modeling bioplastic -- Compression molding -- Plastic extrusion -- Molding recycled plastics -- Composite laminating -- Basket weaving -- Steam bending -- Wood joinery -- Upholstery -- Water-based coating -- Electropolishing -- Risography -- Water-based printing -- Waterless printing -- pt. 3. Lifecycle -- Recover, refurbish, reuse -- Returnable packaging -- Mixed recycling -- Plastics recycling -- Paper recycling -- Glass recycling. |
| 650 #0 - SUBJECT ADDED ENTRY--TOPICAL TERM | |
| Topical term or geographic name entry element | Materials |
| General subdivision | Environmental aspects. |
| 9 (RLIN) | 120582 |
| 650 #0 - SUBJECT ADDED ENTRY--TOPICAL TERM | |
| Topical term or geographic name entry element | Manufacturing processes |
| General subdivision | Environmental aspects. |
| 9 (RLIN) | 9279 |
| 650 #0 - SUBJECT ADDED ENTRY--TOPICAL TERM | |
| Topical term or geographic name entry element | Production management |
| General subdivision | Environmental aspects. |
| 9 (RLIN) | 5808 |
| 700 1# - ADDED ENTRY--PERSONAL NAME | |
| Personal name | Thompson, Martin |
| Titles and other words associated with a name | (Photographer) |
| 9 (RLIN) | 120583 |
| 830 #0 - SERIES ADDED ENTRY--UNIFORM TITLE | |
| Uniform title | Manufacturing guides. |
| 9 (RLIN) | 120584 |
| 906 ## - LOCAL DATA ELEMENT F, LDF (RLIN) | |
| a | 7 |
| b | cbc |
| c | copycat |
| d | 2 |
| e | ncip |
| f | 20 |
| g | y-gencatlg |
| 942 ## - ADDED ENTRY ELEMENTS (KOHA) | |
| Source of classification or shelving scheme | |
| Koha item type | Book |
| Institution code [OBSOLETE] | SADA |
| Call number prefix | 620.110286 THO 2013 |
| Withdrawn status | Lost status | Source of classification or shelving scheme | Damaged status | Not for loan | Permanent Location | Current Location | Date acquired | Source of acquisition | Full call number | Barcode | Date last seen | Cost, replacement price | Price effective from | Koha item type |
|---|---|---|---|---|---|---|---|---|---|---|---|---|---|---|
| School of Art Design and Architecture (SADA) | School of Art Design and Architecture (SADA) | 05/16/2017 | Golden Books | 620.110286 THO 2013 | SADA0002707 | 02/15/2024 | 2157.12 | 02/15/2024 | Book |
